Statystyki dla Dzielnice Gdańska

Kliknij tutaj aby rozwiązać quiz!

Ogólne statystyki

  • Ten quiz został rozwiązany 43 razy
  • Średni wynik to 22 z 35

Statystyki odpowiedzi

Liczba MieszkańcówPowierzchnia km2 Gęstość zaludnienia os / km2 Dzielnica% Poprawnych
13 46819,66685
Orunia / Święty Wojciech / Św. Wojciech / Lipce
90%
24 5365,654 343Śródmieście
88%
14 97018,68801Oliwa
85%
11 5392,734 227Brzeźno
83%
15 6582,33672
Żabianka / Wejhera / Jelitkowo / Tysiąclecia
80%
9 1242,084 387Nowy Port
80%
16 12113,731 174Osowa
75%
10 13410,91929Stogi
73%
22 3503,506 386Wrzeszcz Dolny
73%
21 5686,423 360Wrzeszcz Górny
73%
5 2991,114 774Strzyża
70%
31 7643,898 166Chełm
68%
20 7867,202 887
Orunia Górna / Gdańsk Południe
68%
4 4182,311 914Aniołki
65%
15 1232,276 662Przymorze Małe
65%
5 99614,48414Matarnia
63%
26 4013,248 148Przymorze Wielkie
63%
12 9992,584 845Siedlce
63%
3 4112,901 176VIII Dwór / 7 dwór
60%
7 5517,231 044Brętowo
58%
1 7758,34213
Krakowiec / Górki Zachodnie
58%
20 97211,451 832Jasień
58%
9 88819,94496Kokoszki
58%
1 5823,89407Letnica
58%
27 5274,256 477Piecki Migowo
58%
3 30935,7992Wyspa Sobieszewska
58%
12 8932,086 199Zaspa Rozstaje
58%
3 8496,88559Przeróbka
55%
12 9151,2210 586Zaspa Młyniec
55%
10 1461,447 046Suchanino
53%
2 9557,85376Olszynka
48%
1 04814,6671Rudniki
48%
28 2547,873 590Ujeścisko-Łostowice
45%
2 4380,524 688Wzgórze Mickiewicza
45%
2 5214,32584Młyniska
43%

Rozkład punktacji

Percentyl według liczby udzielonych odpowiedzi

Procent ludzi z każdym wynikiem

Twoja historia wyników

Nie rozwiązałeś tego quizu